000 00644nam a2200205 a 4500
008
020 _a0852987676 (pbk.)
049 _aMAIN
090 _aTS155.6
111 _aInstitution of Mechanical Engineering
245 1 0 _aEffective CADCAM' 91.European conference 6-7 November 1991 Forte Crest Hotel,Coventry
260 _aCoventry:
_bMechanical Engineering Publications,
_c1991
300 _a158 p. :
_bill.
_c29 cm.
650 1 _aMechanical Engineering
907 _a.b10184387
_b17-01-06
_c05-01-06
003
005 20230123134134.0
040 _cNUST
942 _cBOOKS
_kTS155.6
999 _c160730
_d160730